Social change and development in medieval indian history / (Record no. 152836)

MARC details
000 -LEADER
fixed length control field 00616nam a22001937a 4500
005 - DATE AND TIME OF LATEST TRANSACTION
control field 20180620110615.0
010 ## - LCCN (DPL NO)
LC control number ENG-123251
020 ## - INTERNATIONAL STANDARD BOOK NUMBER
International Standard Book Number 9788124116692
Terms of availability 225.00
035 ## - SYSTEM CONTROL NUMBER
System control number EN-106783
037 ## - SOURCE OF ACQUISITION
Source of stock number/acquisition DBAD/PUB
082 ## - DEWEY DECIMAL CLASSIFICATION NUMBER
Classification number 954.02
100 ## - MAIN ENTRY--PERSONAL NAME
Personal name Chandra, Satish
245 ## - TITLE STATEMENT
Title Social change and development in medieval indian history /
Statement of responsibility, etc by Satish Chandra
260 ## - PUBLICATION, DISTRIBUTION, ETC. (IMPRINT)
Place of publication, distribution, etc New Delhi
Name of publisher, distributor, etc Har-Anand Publications
Date of publication, distribution, etc 2012 (repr)
270 ## - ADDRESS
Address E-49/3, Okhla Industrial area, Phase-II,
City New Delhi
Postal code 110020
300 ## - PHYSICAL DESCRIPTION
Extent 204p.
Dimensions 20cm(pbk)
500 ## - GENERAL NOTE
General note it includes index
942 ## - ADDED ENTRY ELEMENTS (KOHA)
Source of classification or shelving scheme Dewey Decimal Classification
Item type English Books
Call number suffix CHA
Classification part 954.02
Holdings
Withdrawn status Lost status Not for loan Collection code Home library Current library Date acquired Source of acquisition Cost, normal purchase price Full call number Barcode Copy number Cost, replacement price Koha item type
    Not For Loan Non-fiction D.B.Act.Division Patel Nagar 19/06/2018 DBAD/PUB 225.00 954.02 CHA EN-106783 1 225.00 English Books

© Delhi Public Library
Hit Counter
free hit counter